[Event "Open 13 2010/2011"]
[Site "Vitrolles"]
[Date "2011.01.08"]
[Round "4"]
[White "Miguel, Alain"]
[Black "Mallan, Charles"]
[Result "1-0"]
[WhiteElo "1856"]
[BlackElo "1684"]
[PlyCount "87"]
[EventDate "2011.??.??"]

1. d4 d5 2. Nf3 Nf6 3. c4 c6 4. Qc2 e6 5. g3 Be7 6. Bg2 O-O 7. O-O Nbd7 8. c5
Re8 9. Bf4 Bf8 10. Nc3 b6 11. b4 bxc5 12. bxc5 Ba6 13. Qa4 Qc8 14. Rfe1 h6 15.
e4 g5 16. Be5 Nxe5 17. Nxe5 Bb7 18. Rab1 Qc7 19. Nd3 a5 20. e5 Nh7 21. f4 Ba6
22. Qc2 Bxd3 23. Qxd3 gxf4 24. gxf4 Bg7 25. Rb6 Reb8 26. Reb1 Nf8 27. Bf1 Nd7
28. Rxb8+ Rxb8 29. Rxb8+ Qxb8 30. Qa6 Qc7 31. Na4 f6 32. Nb6 fxe5 33. fxe5 Nxe5
34. dxe5 Bxe5 35. Qd3 Bxh2+ 36. Kg2 Be5 37. Qg6+ Qg7 38. Bd3 Qxg6+ 39. Bxg6 Kg7
40. Be8 Kf6 41. Bxc6 Bc7 42. a4 d4 43. Be4 e5 44. Nd5+ 1-0

[Event "Open 13 2010/2011"]
[Site "Vitrolles"]
[Date "2011.01.08"]
[Round "4"]
[White "Colandrea, Sauveur"]
[Black "Vialette, Eric"]
[Result "1-0"]
[WhiteElo "1833"]
[BlackElo "1660"]
[PlyCount "67"]
[EventDate "2011.??.??"]

1. e4 d6 2. d4 Nf6 3. Nc3 g6 4. Nf3 Bg7 5. Be2 O-O 6. O-O b6 7. Re1 Nfd7 8. Bg5
c6 9. Qd2 Re8 10. Rad1 Ba6 11. e5 d5 12. e6 Nf6 13. exf7+ Kxf7 14. Ne5+ Kg8 15.
Bxa6 Nxa6 16. Nxc6 Qd6 17. Ne5 Nc7 18. Bf4 Qd8 19. Bh6 e6 20. a4 a6 21. Bxg7
Kxg7 22. Re3 Qe7 23. Rh3 Kg8 24. Qh6 Qg7 25. Qh4 Re7 26. Re3 Rc8 27. Ng4 Nce8
28. Nh6+ Kh8 29. Rde1 Rc6 30. f4 Nd6 31. Rxe6 Nf5 32. Nxf5 Rcxe6 33. Rxe6 gxf5
34. Rxf6 1-0

[Event "Open 13 2010/2011"]
[Site "Vitrolles"]
[Date "2011.01.08"]
[Round "4"]
[White "Parroco, Pierre-Jean"]
[Black "Saada, Claude"]
[Result "1-0"]
[WhiteElo "1694"]
[BlackElo "1810"]
[PlyCount "135"]
[EventDate "2011.??.??"]

1. e4 c5 2. Nc3 d6 3. g3 Nf6 4. Bg2 Nc6 5. d3 g6 6. h3 Bg7 7. Be3 O-O 8. Qd2
Nd4 9. Nce2 e5 10. c3 Ne6 11. Bh6 Qb6 12. Bxg7 Kxg7 13. Nf3 Bd7 14. c4 Qd8 15.
Nc3 a6 16. O-O Nh5 17. Nd5 b5 18. Kh2 Rb8 19. Ne1 f5 20. f4 exf4 21. gxf4 Nd4
22. Nf3 Nxf3+ 23. Bxf3 Nf6 24. e5 Nxd5 25. Bxd5 dxe5 26. fxe5 Re8 27. d4 bxc4
28. Bxc4 cxd4 29. Qxd4 Be6 30. Qxd8 Rbxd8 31. Bxa6 Rd2+ 32. Kg3 Rxb2 33. Rf2
Reb8 34. Re1 g5 35. Rxb2 Rxb2 36. Rc1 f4+ 37. Kf3 Rxa2 38. Rc7+ Kh6 39. Rc6
Ra3+ 40. Kf2 Kg6 41. Rxe6+ Kf5 42. Bc8 Ke4 43. Rd6 Kxe5 44. Re6+ Kd5 45. Rh6
Ra2+ 46. Ke1 Ra7 47. Rh5 Re7+ 48. Kf2 Rc7 49. Bf5 h6 50. Rxh6 Ke5 51. Bg4 Rg7
52. Re6+ Kd5 53. Re1 Kd4 54. Be6 Rg6 55. Kf3 Kc5 56. Kg4 Kd6 57. Bf5 Rg7 58.
Re6+ Kd5 59. Ra6 Kd4 60. Re6 Kd5 61. Ra6 Kd4 62. Bg6 Ke3 63. Kxg5 f3 64. Ra3+
Ke2 65. Kf6 Rg8 66. Bh5 Rf8+ 67. Kg5 Kf2 68. Rxf3+ 1-0

[Event "Open 13 2010/2011"]
[Site "Vitrolles"]
[Date "2011.01.08"]
[Round "4"]
[White "Jean, Nicolas"]
[Black "Dudognon, Thibault"]
[Result "1-0"]
[WhiteElo "1766"]
[BlackElo "1687"]
[PlyCount "155"]
[EventDate "2011.??.??"]

1. e4 c5 2. Nf3 d6 3. Bb5+ Bd7 4. Bxd7+ Qxd7 5. O-O Nc6 6. b3 Nf6 7. Re1 e5 8.
Bb2 Be7 9. c3 O-O 10. d4 cxd4 11. cxd4 exd4 12. Nxd4 Nxd4 13. Qxd4 Qg4 14. Nc3
Rfd8 15. h3 Qg6 16. Rad1 Nh5 17. Nd5 Bf8 18. f4 Rac8 19. Rd2 Rc6 20. Re3 Qh6
21. Rf3 Rdc8 22. g4 Qg6 23. Kf2 Nf6 24. Nxf6+ Qxf6 25. Qxf6 gxf6 26. Bxf6 d5
27. e5 Rc2 28. Rfd3 d4 29. Kf3 Rxd2 30. Rxd2 Rc3+ 31. Ke4 Bc5 32. Rd3 b5 33. f5
b4 34. e6 fxe6 35. fxe6 Rc2 36. Bxd4 Re2+ 37. Re3 Rc2 38. Bxc5 Rxc5 39. Kd4 Rc8
40. e7 Kf7 41. Kd5 Ke8 42. Kd6 Rc3 43. Re4 Rxh3 44. Rxb4 Rd3+ 45. Ke6 Re3+ 46.
Kf6 Rf3+ 47. Kg7 Kxe7 48. Rb7+ Ke6 49. Kxh7 Rg3 50. Rxa7 Rxg4 51. Rb7 Rg2 52.
a4 Ra2 53. Kh6 Kd6 54. Kg5 Kc6 55. Rb5 Rf2 56. b4 Ra2 57. Rc5+ Kb7 58. a5 Rb2
59. Rb5+ Ka6 60. Rb6+ Ka7 61. Kf5 Ra2 62. Ke5 Rd2 63. b5 Rd7 64. Rd6 Re7+ 65.
Kd5 Re1 66. Rd7+ Kb8 67. Rh7 Rd1+ 68. Kc6 Rc1+ 69. Kb6 Rc8 70. Ka6 Rg8 71. b6
Rf8 72. Rh5 Rg8 73. Kb5 Ka8 74. a6 Re8 75. Rc5 Rd8 76. a7 Kb7 77. Rc7+ Ka8 78.
Ka6 1-0

[Event "Open 13 2010/2011"]
[Site "Vitrolles"]
[Date "2011.01.08"]
[Round "4"]
[White "Urcun, Gael"]
[Black "Corrias, Robert"]
[Result "1-0"]
[WhiteElo "1670"]
[BlackElo "1760"]
[PlyCount "73"]
[EventDate "2011.??.??"]

1. e4 e5 2. Bc4 Nf6 3. d3 Be7 4. Nc3 d6 5. f4 O-O 6. Nf3 Nc6 7. h3 Na5 8. Bb3
Nxb3 9. axb3 exf4 10. Bxf4 Nh5 11. Qd2 Nxf4 12. Qxf4 f5 13. Nd5 fxe4 14. Nxe7+
Qxe7 15. Qxe4 Qxe4+ 16. dxe4 Bd7 17. O-O a6 18. e5 dxe5 19. Nxe5 Bf5 20. c3
Rad8 21. Rad1 Rxd1 22. Rxd1 Bc2 23. Rd7 Re8 24. Nf3 Bxb3 25. Rxc7 Bd5 26. Nd4
b5 27. Nf5 g6 28. Ne7+ Rxe7 29. Rxe7 a5 30. g3 a4 31. h4 Bc4 32. Kf2 Bb3 33.
Ke3 Bc4 34. Kd4 Bb3 35. Ke5 Bc4 36. Kf6 Bb3 37. Re8# 1-0

[Event "Open 13 2010/2011"]
[Site "Vitrolles"]
[Date "2011.01.08"]
[Round "4"]
[White "Kaser, Simon"]
[Black "Figier, Anthony"]
[Result "1/2-1/2"]
[WhiteElo "1670"]
[BlackElo "1700"]
[PlyCount "44"]
[EventDate "2011.??.??"]

1. d4 d5 2. c4 c6 3. Nc3 Nf6 4. Nf3 e6 5. Bg5 dxc4 6. e4 b5 7. e5 h6 8. Bh4 g5
9. Nxg5 hxg5 10. Bxg5 Nbd7 11. g3 Bb7 12. Bg2 Qb6 13. exf6 O-O-O 14. O-O Bh6
15. Bxh6 Rxh6 16. Ne4 Nxf6 17. Nc5 Nd5 18. Qc1 Rdh8 19. h4 Qc7 20. Qg5 f6 21.
Qg4 f5 22. Qg5 Qf7 1/2-1/2

[Event "Open 13 2010/2011"]
[Site "Vitrolles"]
[Date "2011.01.08"]
[Round "4"]
[White "Battaglia, Gerard"]
[Black "Solchaga, Jerome"]
[Result "1-0"]
[WhiteElo "1888"]
[BlackElo "1785"]
[PlyCount "53"]
[EventDate "2011.??.??"]

1. d4 Nf6 2. c4 e6 3. Nf3 c5 4. d5 b5 5. b3 exd5 6. cxd5 Bb7 7. Bb2 Nxd5 8. e4
Nc7 9. Bd3 a6 10. O-O Ne6 11. Nc3 d6 12. a4 b4 13. Nd5 Nd7 14. Re1 Be7 15. Bc4
O-O 16. Qd2 Re8 17. g3 Bf6 18. Rad1 Bxb2 19. Qxb2 Nb6 20. Nh4 Nxc4 21. bxc4 Bc6
22. Nf5 Bxa4 23. Rd2 Kf8 24. Nf4 f6 25. Rxd6 Qc8 26. Nh5 Ng5 27. Rxf6+ 1-0

[Event "Open 13 2010/2011"]
[Site "Vitrolles"]
[Date "2011.01.08"]
[Round "4"]
[White "Mosse, Laurent"]
[Black "Israel, Daniel"]
[Result "0-1"]
[WhiteElo "1811"]
[BlackElo "1875"]
[PlyCount "67"]
[EventDate "2011.??.??"]

1. e4 d6 2. d4 Nf6 3. Nc3 g6 4. Nf3 Bg4 5. h3 Bxf3 6. Qxf3 c6 7. Bc4 e5 8. Bg5
Bg7 9. dxe5 dxe5 10. Rd1 Qe7 11. O-O Nbd7 12. Rxd7 Kxd7 13. Rd1+ Kc7 14. Bb3
Rad8 15. Rxd8 Rxd8 16. Be3 Kb8 17. Qe2 Rd7 18. f3 Bf8 19. Qf2 a6 20. Na4 Rd1+
21. Kh2 Nd7 22. c3 Ra1 23. Qd2 f5 24. Bg5 Qe8 25. Qf2 f4 26. Nb6 Kc7 27. Nxd7
Qxd7 28. Bf6 Qd6 29. Qh4 Qc5 30. Qxh7+ Kb6 31. Bd8+ Ka7 32. h4 Qg1+ 33. Kh3
Qh1+ 34. Kg4 0-1

[Event "Open 13 2010/2011"]
[Site "Vitrolles"]
[Date "2011.01.08"]
[Round "4"]
[White "Charvein, Gabriel"]
[Black "Del Vecchio, Alain"]
[Result "1-0"]
[WhiteElo "1672"]
[BlackElo "1800"]
[PlyCount "89"]
[EventDate "2011.??.??"]

1. d4 f5 2. c4 g6 3. g3 Bg7 4. Bg2 d6 5. e3 Nf6 6. Nc3 O-O 7. Nge2 Qe8 8. Nd5
Na6 9. b3 c6 10. Ndc3 e5 11. O-O Be6 12. Ba3 Rd8 13. Qc2 Rf7 14. Rad1 Nh5 15.
f4 Rfd7 16. d5 cxd5 17. Nxd5 Nf6 18. Nec3 e4 19. Nxf6+ Bxf6 20. Nd5 Bg7 21. Bb2
Qf7 22. Bxg7 Qxg7 23. a3 Nc5 24. Rd4 Nd3 25. Rd1 Qf7 26. Qc3 Rc8 27. R4xd3 exd3
28. Nf6+ Kf8 29. Nxd7+ Qxd7 30. Qh8+ Bg8 31. Qf6+ Ke8 32. Rxd3 Rd8 33. Qh8 Kf8
34. Bd5 Qg7 35. Qxg7+ Kxg7 36. Bxb7 Kf6 37. c5 d5 38. c6 Be6 39. c7 Re8 40.
Bxd5 Bxd5 41. Rxd5 Rc8 42. Rd7 h6 43. Kf2 Ke6 44. Rh7 h5 45. Ke2 1-0

[Event "Open 13 2010/2011"]
[Site "Vitrolles"]
[Date "2011.01.08"]
[Round "4"]
[White "Scamaroni, Jean-Paul"]
[Black "Jullien, Patrick"]
[Result "1-0"]
[WhiteElo "1656"]
[BlackElo "1703"]
[PlyCount "131"]
[EventDate "2011.??.??"]

1. d4 d5 2. c4 e6 3. Nc3 Nf6 4. Bg5 Be7 5. e3 h6 6. Bh4 O-O 7. Nf3 Nbd7 8. Rc1
b6 9. cxd5 Nxd5 10. Bxe7 Qxe7 11. Nxd5 exd5 12. Rxc7 Qd6 13. Qc2 Nf6 14. Bd3
Bg4 15. Ne5 Rac8 16. Rxc8 Rxc8 17. Qd2 Be6 18. O-O Ne4 19. Bxe4 dxe4 20. a3 f6
21. Ng6 Bf7 22. Nf4 Rc7 23. Rc1 g5 24. Rxc7 Qxc7 25. Ne2 f5 26. Qc3 Qd7 27. Qb4
Qc7 28. Nc3 a6 29. g3 Qd8 30. Na4 Qc7 31. Qc3 Qb7 32. b4 Bd5 33. Qb2 Qc6 34.
Nc3 Bf7 35. Qd2 Qd6 36. d5 Kf8 37. Qd4 Ke7 38. Kg2 Ke8 39. f3 exf3+ 40. Kxf3
Bh5+ 41. Kf2 Bf7 42. e4 fxe4 43. Qxe4+ Kd8 44. Ke3 a5 45. Qd4 axb4 46. axb4 h5
47. Nb5 Qxd5 48. Qxb6+ Ke7 49. Qc5+ Qxc5+ 50. bxc5 Kd7 51. Nd6 Be6 52. Kd4 Kc6
53. Ne4 g4 54. Ng5 Bd7 55. Nf7 Be8 56. Ne5+ Kc7 57. Kd5 Ba4 58. c6 Bb3+ 59. Kc5
Be6 60. Nd3 Bf7 61. Nb4 Be8 62. Na6+ Kc8 63. Kd6 Bg6 64. c7 Bd3 65. Nb8 Kb7 66.
Nd7 1-0

[Event "Open 13 2010/2011"]
[Site "Vitrolles"]
[Date "2011.01.08"]
[Round "4"]
[White "Desmas, William"]
[Black "Estevez, Ange"]
[Result "1-0"]
[WhiteElo "1716"]
[BlackElo "1626"]
[PlyCount "81"]
[EventDate "2011.??.??"]

1. d4 e5 2. dxe5 Nc6 3. Nf3 f6 4. exf6 Nxf6 5. Bg5 d5 6. e3 h6 7. Bh4 g5 8. Bg3
Ne4 9. Bb5 Nxg3 10. hxg3 Bg7 11. Nd4 Bd7 12. Qh5+ Kf8 13. Qf3+ Qf6 14. Qxd5
Nxd4 15. exd4 Bxb5 16. Qxb5 Re8+ 17. Kf1 Qxd4 18. Nc3 Qe5 19. Qxb7 Qc5 20. Qf3+
Kg8 21. Qd5+ Qxd5 22. Nxd5 Bxb2 23. Rb1 Bg7 24. Nxc7 Rc8 25. Ne6 Rxc2 26. Nxg5
hxg5 27. Rb8+ Bf8 28. Rxh8+ Kxh8 29. Rxf8+ Kg7 30. Rf5 Rxa2 31. Rxg5+ Kf6 32.
Rg4 a5 33. Rf4+ Kg6 34. Ke1 a4 35. Rd4 a3 36. Ra4 Ra1+ 37. Ke2 Kf5 38. g4+ Kg5
39. g3 Ra2+ 40. Kf3 Ra1 41. Kg2 1-0

[Event "Open 13 2010/2011"]
[Site "Vitrolles"]
[Date "2011.01.08"]
[Round "4"]
[White "Bertrand, Alexandre"]
[Black "Baquer, Marc"]
[Result "1-0"]
[WhiteElo "1750"]
[BlackElo "1814"]
[PlyCount "77"]
[EventDate "2011.??.??"]

1. e4 e6 2. d4 d5 3. exd5 exd5 4. c4 Bb4+ 5. Bd2 Qe7+ 6. Qe2 Nc6 7. Qxe7+ Ngxe7
8. Bxb4 Nxb4 9. Na3 a6 10. h3 O-O 11. Nf3 Re8 12. Kd2 Bf5 13. Ne1 Rad8 14. c5
Nbc6 15. Nac2 Bxc2 16. Nxc2 Nf5 17. Kc3 Nh4 18. g3 Nf3 19. Bg2 Ng5 20. Rhe1
Ne4+ 21. Bxe4 dxe4 22. Re2 b6 23. b4 Ne7 24. Rxe4 Nd5+ 25. Kd3 Rxe4 26. Kxe4
bxc5 27. bxc5 c6 28. Ne3 Nc3+ 29. Kd3 Nb5 30. Nf5 Kf8 31. a4 Nc7 32. Nd6 Ne8
33. Nxe8 Kxe8 34. Rb1 a5 35. Rb6 Kd7 36. Rb7+ Ke6 37. Rc7 Rb8 38. Rxc6+ Kd5 39.
Rd6# 1-0

[Event "Open 13 2010/2011"]
[Site "Vitrolles"]
[Date "2011.01.08"]
[Round "4"]
[White "Flores, Antonio"]
[Black "Blanc, Michel"]
[Result "0-1"]
[WhiteElo "1740"]
[BlackElo "1669"]
[PlyCount "91"]
[EventDate "2011.??.??"]

1. d4 d5 2. c4 c6 3. e3 Nf6 4. Nc3 Bf5 5. Nf3 e6 6. a3 Nbd7 7. Be2 Bd6 8. c5
Bc7 9. Nh4 Bg6 10. Nxg6 hxg6 11. Bf3 e5 12. e4 Nxe4 13. Bxe4 f5 14. Bc2 exd4
15. Ne2 Nxc5 16. Qxd4 Qe7 17. Be3 Bb6 18. Qc3 O-O-O 19. O-O-O f4 20. Nxf4 Ne4
21. Qe1 Bxe3+ 22. fxe3 Rh6 23. h3 Re8 24. Rd4 g5 25. Bxe4 gxf4 26. Bf5+ Kb8 27.
e4 Rf6 28. Bg4 Qc5+ 29. Qc3 Qxc3+ 30. bxc3 dxe4 31. Re1 e3 32. Bf3 Kc7 33. Bg4
Rd6 34. Rxf4 Rd3 35. Rf7+ Kb6 36. Kc2 Red8 37. Rxg7 Rd2+ 38. Kb3 R8d5 39. Be2
Rf5 40. Re7 Rf2 41. Rxe3 Rxg2 42. h4 a5 43. h5 Rg5 44. h6 a4+ 45. Kxa4 Rb2 46.
Re5 0-1

[Event "Open 13 2010/2011"]
[Site "Vitrolles"]
[Date "2011.01.29"]
[Round "5"]
[White "Burmonas, Romain"]
[Black "Madranges, Jean"]
[Result "1-0"]
[WhiteElo "1818"]
[BlackElo "1771"]
[PlyCount "47"]
[EventDate "2011.??.??"]

1. e4 c5 2. Nc3 Nc6 3. f4 e6 4. Nf3 d5 5. exd5 exd5 6. Bb5 Bg4 7. O-O Nf6 8.
Qe1+ Be7 9. Ne5 Bd7 10. d3 O-O 11. Qg3 Nd4 12. Bxd7 Nxd7 13. f5 Bf6 14. Ng4 Kh8
15. Kh1 Nxc2 16. Rb1 Nb6 17. Bf4 Re8 18. Nb5 Nd4 19. Nd6 Re7 20. Nxf6 gxf6 21.
Bh6 Qg8 22. Qh4 Nd7 23. Rbe1 Ne2 24. Qh5 1-0

[Event "Open 13 2010/2011"]
[Site "Vitrolles"]
[Date "2011.01.29"]
[Round "5"]
[White "Flores, Adrian"]
[Black "Anton, Jose"]
[Result "1-0"]
[WhiteElo "1825"]
[BlackElo "1879"]
[PlyCount "51"]
[EventDate "2011.??.??"]

1. d4 Nf6 2. c4 e5 3. dxe5 Ng4 4. Qd4 h5 5. h3 Nc6 6. Qe4 Ngxe5 7. f4 Qh4+ 8.
Kd1 Be7 9. g3 Qf6 10. Bd2 Ng6 11. Bc3 Qd6+ 12. Nd2 O-O 13. f5 Nge5 14. Ngf3
Nxf3 15. Qxf3 Ne5 16. Qe4 Bf6 17. g4 Nc6 18. Rg1 Bxc3 19. bxc3 Qf6 20. Qe3 d6
21. Ne4 Qe5 22. f6 h4 23. fxg7 Qxg7 24. g5 Be6 25. Nf6+ Kh8 26. Qf4 1-0

[Event "Open 13 2010/2011"]
[Site "Vitrolles"]
[Date "2011.01.29"]
[Round "5"]
[White "Colandrea, Sauveur"]
[Black "Miguel, Alain"]
[Result "0-1"]
[WhiteElo "1833"]
[BlackElo "1856"]
[PlyCount "116"]
[EventDate "2011.??.??"]

1. c4 e5 2. Nc3 Nf6 3. Nf3 Nc6 4. g3 d5 5. cxd5 Nxd5 6. Bg2 Nb6 7. O-O Be7 8.
d3 O-O 9. a3 a5 10. Be3 Be6 11. Qd2 f6 12. Bxb6 cxb6 13. Nb5 a4 14. Rac1 Ra5
15. Nc3 Qd7 16. Ne4 Rd8 17. Rc3 h6 18. Qc1 f5 19. Ned2 g5 20. Nc4 Rb5 21. h4 g4
22. Qxh6 gxf3 23. Qg6+ Kf8 24. Qh6+ Ke8 25. Bxf3 Bf8 26. Qe3 Bg7 27. Nxb6 Qd4
28. Rxc6 bxc6 29. Bxc6+ Ke7 30. Bxb5 Qxe3 31. fxe3 Rb8 32. Rc1 Rxb6 33. Rc7+
Kf8 34. Rc5 f4 35. Kf2 Bg4 36. e4 fxg3+ 37. Kxg3 Bxe2 38. Kf2 Bd1 39. Ke1 Bb3
40. Kf2 Bf6 41. Kg3 Kg7 42. Rc7+ Kh6 43. Bd7 Bd8 44. Ra7 Rg6+ 45. Kh3 Rd6 46.
Bf5 Rxd3+ 47. Kg2 Bg8 48. Ra6+ Kh5 49. Rg6 Bh7 50. Re6 Bxf5 51. exf5 Bxh4 52.
Rxe5 Bf6 53. Re4 Rd4 54. Re2 Kg4 55. Kf1 Kxf5 56. Re3 Rf4+ 57. Kg2 Bxb2 58. Rd3
Re4 0-1

[Event "Open 13 2010/2011"]
[Site "Vitrolles"]
[Date "2011.01.29"]
[Round "5"]
[White "Parroco, Pierre-Jean"]
[Black "Noireaut, Hung"]
[Result "0-1"]
[WhiteElo "1694"]
[BlackElo "1799"]
[PlyCount "88"]
[EventDate "2011.??.??"]

1. e4 Nf6 2. e5 Nd5 3. d4 d6 4. Nf3 g6 5. Bc4 Nb6 6. Bb3 Bg7 7. Ng5 e6 8. Qf3
Qe7 9. Ne4 h6 10. Nf6+ Kf8 11. Bf4 Nc6 12. c3 Nd7 13. Nxd7+ Bxd7 14. Qe2 dxe5
15. dxe5 Qc5 16. Ba4 Nxe5 17. b4 Qd5 18. Bxe5 Bxa4 19. Bxg7+ Kxg7 20. Nd2 Rad8
21. Nf3 Qd3 22. Qxd3 Rxd3 23. Rc1 Rd6 24. O-O Rhd8 25. Nd4 e5 26. Nb3 Bxb3 27.
axb3 Rd2 28. b5 R8d5 29. c4 Rd6 30. Ra1 a6 31. bxa6 bxa6 32. Ra5 e4 33. Rc5 c6
34. Ra5 Rb2 35. Rxa6 Rxb3 36. c5 Re6 37. g3 Rc3 38. Ra4 Rxc5 39. Re1 f5 40. f3
e3 41. Ra3 Rce5 42. Rc3 g5 43. Kf1 Kf6 44. Ke2 Rd5 0-1

[Event "Open 13 2010/2011"]
[Site "Vitrolles"]
[Date "2011.01.29"]
[Round "5"]
[White "Jean, Nicolas"]
[Black "Vallette, Patrick"]
[Result "1-0"]
[WhiteElo "1766"]
[BlackElo "1849"]
[PlyCount "125"]
[EventDate "2011.??.??"]

1. e4 e6 2. d4 d5 3. e5 c5 4. c3 Qb6 5. Nf3 Bd7 6. Be2 Bb5 7. O-O Nc6 8. Be3
Be7 9. a3 Nh6 10. b4 cxb4 11. cxb4 Bxe2 12. Qxe2 Nf5 13. Nc3 O-O 14. Na4 Qd8
15. Rfc1 Rb8 16. Nc5 Bxc5 17. Rxc5 Qd7 18. Rac1 Rbc8 19. Qd3 Nxe3 20. fxe3 Ne7
21. Ng5 g6 22. Rf1 h6 23. Nf3 b6 24. Rc2 Rxc2 25. Qxc2 Rc8 26. Qf2 Nf5 27. g4
Ng7 28. Nh4 Qe7 29. Ng2 Rc3 30. Qb2 Qc7 31. Rf2 Rc1+ 32. Rf1 Rc2 33. Qb3 Qc3
34. Qxc3 Rxc3 35. Ra1 Ne8 36. b5 f5 37. h3 Nc7 38. a4 Kf7 39. Kf2 fxg4 40. hxg4
g5 41. Ne1 Ke7 42. Ke2 Kd7 43. Kd2 Rc4 44. Nc2 Ne8 45. Kc1 Ng7 46. Kb2 h5 47.
gxh5 Nxh5 48. Rh1 Ng3 49. Rh7+ Kc8 50. Rxa7 Ne4 51. Re7 Rc7 52. Rxe6 Rg7 53.
Rxb6 g4 54. Ne1 Nd2 55. Rc6+ Kb7 56. Rc2 Nc4+ 57. Kb3 Nxe3 58. Re2 Nf5 59. Rd2
g3 60. Kb4 Nh4 61. Ng2 Nf3 62. Rd3 Nh2 63. Kc5 1-0

[Event "Open 13 2010/2011"]
[Site "Vitrolles"]
[Date "2011.01.29"]
[Round "5"]
[White "Saada, Claude"]
[Black "Urcun, Gael"]
[Result "1-0"]
[WhiteElo "1810"]
[BlackElo "1670"]
[PlyCount "123"]
[EventDate "2011.??.??"]

1. d4 Nf6 2. c4 g6 3. Nc3 Bg7 4. e4 d6 5. f4 O-O 6. Be2 c5 7. d5 e6 8. Nf3 exd5
9. exd5 Re8 10. O-O Bg4 11. h3 Bxf3 12. Bxf3 Nbd7 13. Qd3 a6 14. a4 h5 15. Bd2
Nh7 16. Rae1 Qh4 17. Kh2 f5 18. g3 Qf6 19. Re6 Rxe6 20. dxe6 Nb6 21. a5 Nc8 22.
Nd5 Qf8 23. Re1 Ne7 24. Nb6 Rd8 25. Nd7 Qe8 26. Bc3 Nc6 27. Bxc6 bxc6 28. Bxg7
Kxg7 29. Qxd6 Nf6 30. Qe5 Qe7 31. Re2 Re8 32. Kg2 Rd8 33. Rd2 Kh6 34. Rd6 Nxd7
35. exd7 Rxd7 36. Qh8+ Qh7 37. Qxh7+ Rxh7 38. Rxc6 Rb7 39. Rb6 Ra7 40. h4 Kg7
41. Kf3 Kh6 42. Ke3 Kg7 43. Kd2 Kh6 44. Rc6 Rd7+ 45. Kc3 Re7 46. Rd6 Re3+ 47.
Rd3 Re6 48. b4 cxb4+ 49. Kxb4 Kg7 50. Kc5 Kf7 51. Rd7+ Kf6 52. Rd6 Ke7 53.
Rxe6+ Kxe6 54. Kb6 Kd6 55. Kxa6 Kc6 56. c5 Kc7 57. Kb5 Kb7 58. c6+ Ka7 59. Kc5
Ka6 60. Kd6 Ka7 61. Kd7 Ka6 62. c7 1-0

[Event "Open 13 2010/2011"]
[Site "Vitrolles"]
[Date "2011.01.29"]
[Round "5"]
[White "Vialette, Eric"]
[Black "Battaglia, Gerard"]
[Result "0-1"]
[WhiteElo "1660"]
[BlackElo "1888"]
[PlyCount "88"]
[EventDate "2011.??.??"]

1. e4 e6 2. d4 d5 3. exd5 exd5 4. b3 Bf5 5. Bd3 Qd7 6. Qf3 Bxd3 7. Qxd3 Nc6 8.
Nf3 O-O-O 9. O-O Nf6 10. a3 h6 11. Bb2 g5 12. c4 dxc4 13. bxc4 Bg7 14. d5 Rhe8
15. Qc2 Nb8 16. Nbd2 Nh5 17. Rab1 g4 18. Ne1 f5 19. Nd3 b6 20. Nb4 c5 21. dxc6
Nxc6 22. Nxc6 Qxc6 23. Qxf5+ Qe6 24. Qxh5 Bxb2 25. Rxb2 Qe2 26. c5 Re5 27. Qxh6
Rxc5 28. Qe3 Qa6 29. Qe6+ Kb8 30. Qxg4 Rcd5 31. h4 Qxa3 32. Rfb1 Rxd2 33. Rxd2
Rxd2 34. Qf4+ Qd6 35. Qxd6+ Rxd6 36. Re1 a5 37. f4 a4 38. g4 Rd3 39. h5 Rg3+
40. Kf2 Rxg4 41. Kf3 Rh4 42. Re4 a3 43. Ra4 Rxh5 44. Rxa3 Rh3+ 0-1

[Event "Open 13 2010/2011"]
[Site "Vitrolles"]
[Date "2011.01.29"]
[Round "5"]
[White "Israel, Daniel"]
[Black "Charvein, Gabriel"]
[Result "0-1"]
[WhiteElo "1875"]
[BlackElo "1672"]
[PlyCount "64"]
[EventDate "2011.??.??"]

1. e4 c5 2. f4 Nf6 3. Nc3 d6 4. Nf3 Nc6 5. d4 cxd4 6. Nxd4 Bg4 7. Be2 Bxe2 8.
Ndxe2 e6 9. Be3 Ng4 10. Qd2 Nxe3 11. Qxe3 Nb4 12. Rc1 Qd7 13. a3 Na6 14. b4 Nc7
15. O-O Be7 16. Rfd1 O-O 17. Nd4 Rfd8 18. Qg3 d5 19. Rd3 a5 20. Rb1 axb4 21.
axb4 dxe4 22. Nf5 exf5 23. Rxd7 Rxd7 24. Qh3 Rd2 25. Qxf5 Rxc2 26. Nxe4 Raa2
27. Qh3 Ne6 28. g3 Nd4 29. Qh5 Rg2+ 30. Kf1 Rxh2 31. Qxh2 Rxh2 32. Nc5 Rh1+ 0-1

[Event "Open 13 2010/2011"]
[Site "Vitrolles"]
[Date "2011.01.29"]
[Round "5"]
[White "Figier, Anthony"]
[Black "Scamaroni, Jean-Paul"]
[Result "1-0"]
[WhiteElo "1700"]
[BlackElo "1656"]
[PlyCount "81"]
[EventDate "2011.??.??"]

1. e4 c5 2. Nf3 d6 3. d4 cxd4 4. Nxd4 Nf6 5. Nc3 a6 6. Be2 e5 7. Nb3 Be7 8. Be3
Be6 9. g4 b5 10. g5 Nfd7 11. Nd5 Bxg5 12. Bxg5 Qxg5 13. Nc7+ Ke7 14. Nxa8 Qg2
15. Bf3 Qg5 16. Nc7 Rc8 17. Nxe6 fxe6 18. Qd2 Qf6 19. Be2 Nc6 20. O-O-O Qf4 21.
Qxf4 exf4 22. Rhg1 g6 23. h4 Nde5 24. f3 Nb4 25. c3 Nxa2+ 26. Kb1 Nxc3+ 27.
bxc3 Rxc3 28. Nd4 Kf6 29. Kb2 Re3 30. Rd2 a5 31. Nc2 Nxf3 32. Bxf3 Rxf3 33.
Rxd6 Ke5 34. Rxe6+ Kxe6 35. Nd4+ Ke5 36. Nxf3+ Kxe4 37. Ng5+ Ke3 38. Rf1 h6 39.
Rf3+ Ke2 40. Rxf4 hxg5 41. hxg5 1-0

[Event "Open 13 2010/2011"]
[Site "Vitrolles"]
[Date "2011.01.29"]
[Round "5"]
[White "Mallan, Charles"]
[Black "Kaser, Simon"]
[Result "0-1"]
[WhiteElo "1684"]
[BlackElo "1670"]
[PlyCount "128"]
[EventDate "2011.??.??"]

1. c4 e5 2. Nc3 Nf6 3. d3 Nc6 4. Nf3 Bb4 5. a3 Bxc3+ 6. bxc3 O-O 7. g3 e4 8.
dxe4 Nxe4 9. Qc2 Re8 10. Bg2 d6 11. O-O Bf5 12. Nh4 Qf6 13. Nxf5 Qxf5 14. Bxe4
Qxe4 15. Qxe4 Rxe4 16. Be3 Rxc4 17. Rfc1 Re8 18. Rab1 b6 19. Kf1 Ra4 20. Ra1
Na5 21. Rc2 Nc4 22. Bc1 Re5 23. e3 f6 24. Ke2 Kf7 25. h4 Rea5 26. Rca2 Ke6 27.
f3 h5 28. f4 Kf5 29. Kf3 d5 30. Kf2 Kg4 31. Kg2 Nd6 32. Bd2 b5 33. c4 Ra6 34.
cxd5 Nc4 35. Bc1 b4 36. e4 b3 37. Re2 Nxa3 38. e5 Nc4 39. Rxa4 Rxa4 40. e6 Nd6
41. e7 Ne8 42. Bb2 Ra2 43. Rd2 Kf5 44. Re2 a5 45. Kf3 a4 46. Bc1 Rxe2 47. Kxe2
Ke4 48. Ba3 Kxd5 49. Kd3 c5 50. Kc3 Kc6 51. Kd3 f5 52. Kc3 Kd6 53. Kc4 Kxe7 54.
Kxc5 Ke6 55. Kd4 Nd6 56. Bb2 g6 57. Kc3 Nb5+ 58. Kb4 a3 59. Bxa3 Nxa3 60. Kxa3
Kd5 61. Kxb3 Ke4 62. Kc4 Kf3 63. Kd4 Kxg3 64. Ke5 Kxh4 0-1

[Event "Open 13 2010/2011"]
[Site "Vitrolles"]
[Date "2011.01.29"]
[Round "5"]
[White "Estevez, Ange"]
[Black "Bertrand, Alexandre"]
[Result "1/2-1/2"]
[WhiteElo "1626"]
[BlackElo "1750"]
[PlyCount "59"]
[EventDate "2011.??.??"]

1. c4 e5 2. Nc3 Nf6 3. Nf3 d6 4. g3 Be7 5. Bg2 c6 6. O-O Be6 7. b3 h6 8. Bb2
Nbd7 9. e4 Nb6 10. d4 Nbd7 11. d5 cxd5 12. cxd5 Bg4 13. Qd3 O-O 14. Rac1 Nc5
15. Qe3 Qb6 16. Nd2 Nfd7 17. h4 f5 18. exf5 Bxf5 19. Be4 Nxe4 20. Qxb6 Nxb6 21.
Ndxe4 Bxe4 22. Nxe4 Nxd5 23. Rfd1 Nb6 24. Nxd6 Bxd6 25. Rxd6 Rae8 26. Re1 e4
27. Bc1 Rf6 28. Rxf6 gxf6 29. Bxh6 f5 30. Be3 1/2-1/2

[Event "Open 13 2010/2011"]
[Site "Vitrolles"]
[Date "2011.01.29"]
[Round "5"]
[White "Jullien, Patrick"]
[Black "Mosse, Laurent"]
[Result "1/2-1/2"]
[WhiteElo "1703"]
[BlackElo "1811"]
[PlyCount "121"]
[EventDate "2011.??.??"]

1. e4 c6 2. d4 d5 3. Nc3 dxe4 4. Nxe4 Bf5 5. Ng3 Bg6 6. Nf3 e6 7. h4 h6 8. h5
Bh7 9. Bd3 Bxd3 10. Qxd3 Bd6 11. Ne4 Nf6 12. Nxd6+ Qxd6 13. Bd2 Nbd7 14. Rh4
O-O-O 15. O-O-O Qd5 16. Qa3 a6 17. Qa5 Ne4 18. Qxd5 exd5 19. Be3 Rde8 20. Nd2
Ndf6 21. Nxe4 Nxe4 22. Rd3 Re6 23. Rg4 Rg8 24. f3 Nf6 25. Rh4 Rge8 26. Kd2 Nh7
27. Rg4 g5 28. hxg6 fxg6 29. Bxh6 Re2+ 30. Kc3 R2e6 31. Bf4 Nf6 32. Rg5 Nd7 33.
Kd2 Nb6 34. b3 Re2+ 35. Kc3 R2e6 36. Re5 Nd7 37. Rxe6 Rxe6 38. Re3 Nf8 39. Kd3
Kd7 40. Rxe6 Kxe6 41. Be5 Nd7 42. f4 Kf5 43. Ke3 Kg4 44. Kf2 Nf8 45. Ke3 Ne6
46. Bd6 g5 47. g3 Ng7 48. Kd3 Nf5 49. Bc7 gxf4 50. gxf4 Kf3 51. a4 Ng3 52. a5
Ne4 53. Be5 Nf2+ 54. Kc3 Ne4+ 55. Kb4 Kg4 56. c4 Kf5 57. cxd5 cxd5 58. Ka4 Ke6
59. b4 Kd7 60. f5 Ke7 61. Kb3 1/2-1/2